| 000 | 01478cam a22002415a 4500 | ||
|---|---|---|---|
| 001 | ##L128594 | ||
| 002 | ##8442 | ||
| 008 | 011127s2005 xxk f 000 0 eng d | ||
| 020 | _a1842192213 | ||
| 035 | _a(Sirsi) u130110 | ||
| 041 | 0 | _aeng | |
| 050 | 0 | 4 | _a693.97 $2 18 |
| 110 | 2 |
_aRoyal Institution of Chartered Surveyors _94900 |
|
| 245 | 0 | 4 |
_aThe 'mundic' problem supplement to second edition _bstage three expansion testing: January 2002 revised February 2005 |
| 260 |
_aLondon _bRICS _c2005 |
||
| 300 |
_a16p. _bill. _c30cm. |
||
| 490 | 0 | _aRICS Guidance Note | |
| 520 | _aFocuses on the stage three concrete screening test procedure. Part one consists of an introduction to the development of the stage three test procedure, pre-requisite and on site requirements for stage three testing and concrete classification after stage three testing. Part two deals in detail with the moisture sensitivitity test methods for classes AB and B concrete (stage three). Bibliography. Annexes cover the interpretation of supporting research results and the research conclusions. | ||
| 520 | _aSupplement to "The mundic problem : a guidance note" (ISBN 0854068082). Supersedes 2002 edition (ISBN 1842190822). | ||
| 690 | _aBUILT ENVIRONMENT-BUILDING MATERIALS-CEMENTITIOUS, CONCRETE AND MINERAL BOUND MATERIALS-CONCRETE | ||
| 856 |
_uhttps://www.rics.org/Global/Downloads/mundic_supplement_Feb05_1_.pdf _zView the guidance free of charge at www.rics.org/guidance... |
||
| 942 | _n0 | ||
| 999 |
_c104356 _d104356 |
||